| 000 | 00464 a2200157 4500 | ||
|---|---|---|---|
| 003 | NUST | ||
| 005 | 20230222135713.0 | ||
| 040 | _cNust | ||
| 082 | _a355.02,HEL | ||
| 100 |
_aHalerBin , Auto _9109500 |
||
| 245 |
_aDushman key Aqab Main Jang / دشمن کے عقب میں جنگ (Urdu) / _cAuto HalerBin Urdu Translate Col Manzur Ahmed |
||
| 260 |
_aRawalpindi _bArmy Education |
||
| 300 | _a289:p. | ||
| 650 |
_aJang , War _9109501 |
||
| 942 |
_2ddc _cBK _k355.02,HEL |
||
| 999 |
_c187624 _d187624 |
||